00562nam a22001817a 4500003000200000005001700002020001800019082001500037100002700052245002100079260004200100300001100142520005500153650004000208942000600248952010700254999001900361020260430150254.0 a9789360861674 aH 920 SIN  aSingh, Prabhat 919026 aApani dhun mein  aNew Delhi bRajkamal Prakashan c2025 a326p.  aapani duniya me, an autobiography by ruskin bond.  aAutobiography aRuskin Bond 919027 cB 00104070aLBSNAAbLBSNAAd2026-04-30g499.00l0oH 920 SIN p181864r2026-04-30w2026-04-30yB0x2 c360825d360825